| 000 | 00427pam a2200157a 44500 | ||
|---|---|---|---|
| 008 | 230515b2011 xxu||||| |||| 00| 0 eng d | ||
| 020 | _aNULL | ||
| 041 | _aMARATHI | ||
| 082 | _a00 | ||
| 100 | _aBHAGAT, R.T./PATIL, D. | ||
| 245 | _aDNYANYOGI DR. SHIVAJI RAO KADAM GAURAVGRANTH | ||
| 250 | _a1 | ||
| 260 |
_aKOLHAPUR _bCHANTANYA PUBLICATION _c2011 |
||
| 300 | _a463 | ||
| 650 | _aDNYANYOGI DR. SHIVAJI RAO KADAM GAURAVGRANTH | ||
| 999 |
_c497226 _d497226 |
||